[Event "DVM U20 2022"]
[Site "Münster GER"]
[Date "2022.12.29"]
[Round "6"]
[White "Maguire, Kristof"]
[Black "Scheifel, Maximilian"]
[Result "0-1"]
[Termination "normal"]
[Board "7.5"]
[WhiteElo "1449"]
[BlackElo "1561"]
[WhiteClock "00:02:27"]
[BlackClock "00:13:57"]
[WhiteTeam "SC Bavaria Regensburg von 1881 e.V."]
[BlackTeam "Karlsruher SF 1853"]
[PlyCount "80"]
[WhiteFideId "16225163"]
[BlackFideId "16279433"]
[EventCountry "GER"]
[EventRounds "7"]
[EventType "team-swiss"]
[EventDate "2022.12.26"]

1. e4 {[%clk 01:30:57]} {[%emt 00:00:02]} c6 {[%clk 01:30:56]} {[%emt
00:00:05]} 2. d4 {[%clk 01:31:14]} {[%emt 00:00:13]} d5 {[%clk 01:31:21]}
{[%emt 00:00:05]} 3. e5 {[%clk 01:31:32]} {[%emt 00:00:13]} Bf5 {[%clk
01:31:45]} {[%emt 00:00:06]} 4. Nf3 {[%clk 01:31:52]} {[%emt 00:00:10]} e6
{[%clk 01:32:06]} {[%emt 00:00:09]} 5. Bd3 {[%clk 01:31:12]} {[%emt 00:01:10]}
Bxd3 {[%clk 01:32:28]} {[%emt 00:00:08]} 6. Qxd3 {[%clk 01:31:37]} {[%emt
00:00:05]} Nd7 {[%clk 01:32:00]} {[%emt 00:00:59]} 7. O-O {[%clk 01:30:46]}
{[%emt 00:01:21]} Ne7 {[%clk 01:30:55]} {[%emt 00:01:35]} 8. Be3 {[%clk
01:30:04]} {[%emt 00:01:11]} Nf5 {[%clk 01:31:13]} {[%emt 00:00:12]} 9. Nbd2
{[%clk 01:25:44]} {[%emt 00:04:50]} Be7 {[%clk 01:28:18]} {[%emt 00:03:25]} 10.
g4 {[%clk 01:18:38]} {[%emt 00:07:36]} Nh4 {[%clk 01:26:05]} {[%emt 00:02:43]}
11. Nxh4 {[%clk 01:16:37]} {[%emt 00:02:32]} Bxh4 {[%clk 01:26:27]} {[%emt
00:00:07]} 12. f4 {[%clk 01:16:49]} {[%emt 00:00:18]} Be7 {[%clk 01:14:17]}
{[%emt 00:12:41]} 13. Rf3 {[%clk 01:16:45]} {[%emt 00:00:34]} h5 {[%clk
01:10:57]} {[%emt 00:03:50]} 14. f5 {[%clk 01:02:44]} {[%emt 00:14:30]} hxg4
{[%clk 01:10:01]} {[%emt 00:01:25]} 15. Rg3 {[%clk 01:02:59]} {[%emt 00:00:15]}
Nf8 {[%clk 01:02:34]} {[%emt 00:07:58]} 16. Rxg4 {[%clk 00:56:17]} {[%emt
00:07:12]} exf5 {[%clk 01:00:04]} {[%emt 00:03:00]} 17. Rxg7 {[%clk 00:49:25]}
{[%emt 00:07:22]} Ne6 {[%clk 00:59:35]} {[%emt 00:00:59]} 18. Rg2 {[%clk
00:48:11]} {[%emt 00:01:43]} f4 {[%clk 00:59:31]} {[%emt 00:00:35]} 19. Bf2
{[%clk 00:45:15]} {[%emt 00:03:26]} Qd7 {[%clk 00:56:40]} {[%emt 00:03:22]} 20.
Qf5 {[%clk 00:34:48]} {[%emt 00:10:55]} O-O-O {[%clk 00:49:51]} {[%emt
00:07:19]} 21. Kh1 {[%clk 00:33:31]} {[%emt 00:01:46]} Bh4 {[%clk 00:45:30]}
{[%emt 00:04:48]} 22. Rag1 {[%clk 00:26:56]} {[%emt 00:07:05]} Rh6 {[%clk
00:36:51]} {[%emt 00:09:11]} 23. Bxh4 {[%clk 00:25:51]} {[%emt 00:01:39]} Rxh4
{[%clk 00:35:07]} {[%emt 00:02:14]} 24. Nf3 {[%clk 00:26:05]} {[%emt 00:00:16]}
Rhh8 {[%clk 00:29:55]} {[%emt 00:05:42]} 25. c3 {[%clk 00:21:46]} {[%emt
00:04:50]} Rdf8 {[%clk 00:22:01]} {[%emt 00:08:22]} 26. Ng5 {[%clk 00:19:21]}
{[%emt 00:02:56]} Rh5 {[%clk 00:19:56]} {[%emt 00:02:32]} 27. Qg4 {[%clk
00:10:46]} {[%emt 00:09:08]} Rxg5 {[%clk 00:20:19]} {[%emt 00:00:07]} 28. Qh4
{[%clk 00:09:54]} {[%emt 00:01:22]} Rxg2 {[%clk 00:20:23]} {[%emt 00:00:27]}
29. Rxg2 {[%clk 00:10:22]} {[%emt 00:00:02]} Qd8 {[%clk 00:20:24]} {[%emt
00:00:29]} 30. Qg4 {[%clk 00:10:05]} {[%emt 00:00:46]} Rh8 {[%clk 00:20:10]}
{[%emt 00:00:42]} 31. Qf5 {[%clk 00:08:53]} {[%emt 00:01:45]} Qf8 {[%clk
00:18:21]} {[%emt 00:02:14]} 32. a3 {[%clk 00:03:59]} {[%emt 00:05:29]} Kb8
{[%emt 00:00:27]} 33. Qg4 {[%clk 00:03:45]} {[%emt 00:00:36]} Qh6 {[%clk
00:17:38]} {[%emt 00:01:18]} 34. b4 {[%clk 00:03:47]} {[%emt 00:00:33]} Qh7
{[%clk 00:16:09]} {[%emt 00:01:59]} 35. a4 {[%clk 00:03:15]} {[%emt 00:01:04]}
Qd3 {[%clk 00:15:50]} {[%emt 00:00:46]} 36. h4 {[%clk 00:03:17]} {[%emt
00:00:30]} Qe3 {[%clk 00:14:09]} {[%emt 00:02:05]} 37. h5 {[%clk 00:02:51]}
{[%emt 00:01:02]} f3 {[%clk 00:13:44]} {[%emt 00:00:55]} 38. Rg3 {[%clk
00:02:14]} {[%emt 00:01:08]} Qe1 {[%clk 00:14:01]} {[%emt 00:00:12]} 39. Kh2
{[%clk 00:02:07]} {[%emt 00:00:37]} f2 {[%clk 00:14:11]} {[%emt 00:00:20]} 40.
h6 {[%clk 00:02:27]} {[%emt 00:00:10]} f1=Q {[%clk 00:13:57]} {[%emt 00:00:44]}
0-1

[Event "DVM U20 2022"]
[Site "Münster GER"]
[Date "2022.12.29"]
[Round "6"]
[White "Gülsen, Sinan Yilmaz"]
[Black "Slutski, Daniel"]
[Result "1-0"]
[Termination "normal"]
[Board "7.6"]
[WhiteElo "1147"]
[BlackElo "1253"]
[WhiteClock "00:42:02"]
[BlackClock "00:43:04"]
[WhiteTeam "Karlsruher SF 1853"]
[BlackTeam "SC Bavaria Regensburg von 1881 e.V."]
[PlyCount "67"]
[WhiteFideId "34606017"]
[BlackFideId "16292154"]
[EventCountry "GER"]
[EventRounds "7"]
[EventType "team-swiss"]
[EventDate "2022.12.26"]

1. d4 {[%clk 01:30:55]} {[%emt 00:00:03]} d5 {[%clk 01:30:53]} {[%emt
00:00:07]} 2. c4 {[%clk 01:31:17]} {[%emt 00:00:07]} c6 {[%clk 01:31:17]}
{[%emt 00:00:07]} 3. Nf3 {[%clk 01:29:02]} {[%emt 00:02:46]} Nf6 {[%clk
01:31:15]} {[%emt 00:00:32]} 4. g3 {[%clk 01:26:41]} {[%emt 00:02:51]} e6
{[%clk 01:30:39]} {[%emt 00:01:05]} 5. Bg2 {[%clk 01:26:12]} {[%emt 00:01:00]}
b6 {[%clk 01:30:13]} {[%emt 00:00:55]} 6. O-O {[%clk 01:26:14]} {[%emt
00:00:28]} Bd6 {[%clk 01:30:03]} {[%emt 00:00:38]} 7. Qc2 {[%clk 01:26:17]}
{[%emt 00:00:29]} Nbd7 {[%clk 01:28:03]} {[%emt 00:02:27]} 8. Nbd2 {[%clk
01:25:37]} {[%emt 00:01:13]} O-O {[%clk 01:25:39]} {[%emt 00:02:54]} 9. e4
{[%clk 01:25:29]} {[%emt 00:00:39]} dxe4 {[%clk 01:24:40]} {[%emt 00:01:28]}
10. Nxe4 {[%clk 01:25:50]} {[%emt 00:00:09]} Nxe4 {[%clk 01:24:13]} {[%emt
00:00:56]} 11. Qxe4 {[%clk 01:26:07]} {[%emt 00:00:13]} Bb7 {[%clk 01:24:12]}
{[%emt 00:00:31]} 12. Ng5 {[%clk 01:18:28]} {[%emt 00:08:09]} Nf6 {[%clk
01:23:49]} {[%emt 00:00:53]} 13. Qc2 {[%clk 01:18:31]} {[%emt 00:00:27]} Qe7
{[%clk 01:22:27]} {[%emt 00:01:52]} 14. Re1 {[%clk 01:18:04]} {[%emt 00:00:58]}
h6 {[%emt 00:01:33]} 15. Ne4 {[%clk 01:14:33]} {[%emt 00:03:57]} Nxe4 {[%clk
01:19:11]} {[%emt 00:02:46]} 16. Bxe4 {[%clk 01:14:43]} {[%emt 00:00:20]} c5
{[%clk 01:18:35]} {[%emt 00:01:06]} 17. d5 {[%clk 01:14:45]} {[%emt 00:00:28]}
Kh8 {[%clk 01:15:57]} {[%emt 00:03:07]} 18. dxe6 {[%clk 01:11:06]} {[%emt
00:04:10]} Qxe6 {[%clk 01:12:52]} {[%emt 00:03:35]} 19. Bxh6 {[%clk 01:10:35]}
{[%emt 00:01:02]} Qxh6 {[%clk 01:10:14]} {[%emt 00:03:09]} 20. Bxb7 {[%clk
01:10:45]} {[%emt 00:00:19]} Rad8 {[%clk 01:07:06]} {[%emt 00:03:37]} 21. Rad1
{[%clk 01:08:29]} {[%emt 00:02:46]} Rfe8 {[%clk 01:05:29]} {[%emt 00:02:08]}
22. Re4 {[%clk 01:02:50]} {[%emt 00:06:09]} g5 {[%clk 01:04:51]} {[%emt
00:01:08]} 23. Qc3 {[%clk 00:51:39]} {[%emt 00:11:40]} Kg8 {[%clk 01:04:31]}
{[%emt 00:00:51]} 24. Qe3 {[%clk 00:50:45]} {[%emt 00:01:23]} Rf8 {[%clk
01:02:26]} {[%emt 00:02:36]} 25. Rh4 {[%clk 00:49:35]} {[%emt 00:01:39]} Qg7
{[%clk 01:00:35]} {[%emt 00:02:22]} 26. Rg4 {[%clk 00:49:21]} {[%emt 00:00:44]}
Bf4 {[%clk 00:59:11]} {[%emt 00:01:54]} 27. gxf4 {[%clk 00:47:57]} {[%emt
00:01:55]} Rxd1 {[%clk 00:58:45]} {[%emt 00:00:56]} 28. Kg2 {[%clk 00:48:20]}
{[%emt 00:00:07]} f6 {[%clk 00:57:40]} {[%emt 00:01:34]} 29. Bd5 {[%clk
00:48:29]} {[%emt 00:00:20]} Kh8 {[%clk 00:54:47]} {[%emt 00:03:24]} 30. fxg5
{[%clk 00:47:53]} {[%emt 00:01:06]} Rd4 {[%clk 00:49:03]} {[%emt 00:06:13]} 31.
f4 {[%clk 00:44:37]} {[%emt 00:03:47]} fxg5 {[%clk 00:45:54]} {[%emt 00:03:40]}
32. Rxg5 {[%clk 00:44:33]} {[%emt 00:00:34]} Qh6 {[%clk 00:43:27]} {[%emt
00:02:57]} 33. Qe5 {[%clk 00:44:48]} {[%emt 00:00:15]} Qf6 {[%clk 00:43:04]}
{[%emt 00:00:52]} 34. Qe2 {[%clk 00:42:02]} {[%emt 00:03:14]} 1-0

[Event "DVM U20 2022"]
[Site "Münster GER"]
[Date "2022.12.29"]
[Round "6"]
[White "Schubert, Nikita"]
[Black "Pralle, Finnegan"]
[Result "1-0"]
[Termination "normal"]
[Board "8.1"]
[WhiteElo "1939"]
[BlackElo "1915"]
[WhiteClock "00:30:03"]
[BlackClock "00:56:06"]
[WhiteTeam "ESV Gera"]
[BlackTeam "Biebertaler Schachfreunde"]
[PlyCount "81"]
[WhiteFideId "16212339"]
[BlackFideId "12986615"]
[EventCountry "GER"]
[EventRounds "7"]
[EventType "team-swiss"]
[EventDate "2022.12.26"]

1. d4 {[%clk 01:30:56]} {[%emt 00:00:04]} Nf6 {[%clk 01:30:53]} {[%emt
00:00:07]} 2. c4 {[%clk 01:31:22]} {[%emt 00:00:04]} g6 {[%clk 01:31:17]}
{[%emt 00:00:06]} 3. g3 {[%clk 01:31:17]} {[%emt 00:00:35]} Bg7 {[%clk
01:31:43]} {[%emt 00:00:04]} 4. Bg2 {[%clk 01:31:42]} {[%emt 00:00:06]} O-O
{[%clk 01:31:35]} {[%emt 00:00:38]} 5. Nc3 {[%clk 01:29:56]} {[%emt 00:02:15]}
d6 {[%clk 01:31:56]} {[%emt 00:00:09]} 6. Nf3 {[%clk 01:30:08]} {[%emt
00:00:19]} c6 {[%clk 01:32:21]} {[%emt 00:00:05]} 7. O-O {[%clk 01:30:23]}
{[%emt 00:00:15]} Qa5 {[%clk 01:32:39]} {[%emt 00:00:12]} 8. h3 {[%clk
01:26:28]} {[%emt 00:04:24]} Qa6 {[%clk 01:32:45]} {[%emt 00:00:24]} 9. b3
{[%clk 01:24:13]} {[%emt 00:02:45]} b5 {[%clk 01:33:04]} {[%emt 00:00:11]} 10.
Nd2 {[%clk 01:16:12]} {[%emt 00:08:31]} Bb7 {[%clk 01:32:46]} {[%emt 00:00:47]}
11. Bb2 {[%clk 01:16:07]} {[%emt 00:00:36]} Nbd7 {[%clk 01:31:27]} {[%emt
00:01:49]} 12. e4 {[%clk 01:10:23]} {[%emt 00:06:13]} e5 {[%clk 01:30:25]}
{[%emt 00:01:33]} 13. d5 {[%clk 01:02:30]} {[%emt 00:08:24]} bxc4 {[%clk
01:27:26]} {[%emt 00:03:28]} 14. Nxc4 {[%clk 00:59:05]} {[%emt 00:03:55]} cxd5
{[%clk 01:27:08]} {[%emt 00:00:49]} 15. exd5 {[%clk 00:57:38]} {[%emt
00:01:57]} Rac8 {[%clk 01:26:36]} {[%emt 00:01:01]} 16. a4 {[%clk 00:54:38]}
{[%emt 00:03:30]} Nc5 {[%clk 01:25:35]} {[%emt 00:01:30]} 17. Nb5 {[%clk
00:51:39]} {[%emt 00:03:30]} Rfd8 {[%clk 01:22:07]} {[%emt 00:03:57]} 18. Ne3
{[%clk 00:50:28]} {[%emt 00:01:41]} Nfe4 {[%clk 01:16:00]} {[%emt 00:06:37]}
19. b4 {[%clk 00:44:03]} {[%emt 00:06:55]} f5 {[%clk 01:14:50]} {[%emt
00:01:40]} 20. bxc5 {[%clk 00:43:33]} {[%emt 00:01:00]} Nxc5 {[%clk 01:14:24]}
{[%emt 00:00:56]} 21. Re1 {[%clk 00:34:36]} {[%emt 00:09:26]} Rd7 {[%clk
01:10:43]} {[%emt 00:04:11]} 22. Bf1 {[%clk 00:28:20]} {[%emt 00:06:47]} Qa5
{[%clk 01:08:23]} {[%emt 00:02:50]} 23. Nc4 {[%clk 00:24:33]} {[%emt 00:04:16]}
Qa6 {[%clk 01:07:31]} {[%emt 00:01:23]} 24. Nc3 {[%clk 00:18:33]} {[%emt
00:06:29]} Rdc7 {[%clk 01:04:08]} {[%emt 00:03:53]} 25. Ne3 {[%clk 00:16:08]}
{[%emt 00:02:55]} Qa5 {[%clk 01:02:49]} {[%emt 00:01:50]} 26. Nb5 {[%clk
00:16:21]} {[%emt 00:00:17]} Rd7 {[%clk 01:01:55]} {[%emt 00:01:24]} 27. Bc3
{[%clk 00:16:13]} {[%emt 00:00:38]} Qd8 {[%clk 01:01:37]} {[%emt 00:00:47]} 28.
Nxa7 {[%clk 00:12:24]} {[%emt 00:04:20]} Ne4 {[%clk 01:01:49]} {[%emt
00:00:18]} 29. Bb4 {[%clk 00:10:23]} {[%emt 00:02:31]} f4 {[%clk 01:00:56]}
{[%emt 00:01:22]} 30. Nxc8 {[%clk 00:08:46]} {[%emt 00:02:07]} Bxc8 {[%clk
00:59:37]} {[%emt 00:01:49]} 31. Ng4 {[%clk 00:05:37]} {[%emt 00:03:39]} Ng5
{[%clk 00:58:00]} {[%emt 00:02:07]} 32. h4 {[%clk 00:03:18]} {[%emt 00:02:49]}
Nf7 {[%clk 00:58:02]} {[%emt 00:00:27]} 33. Ra3 {[%clk 00:02:12]} {[%emt
00:01:37]} fxg3 {[%clk 00:58:06]} {[%emt 00:00:26]} 34. Rxg3 {[%clk 00:02:22]}
{[%emt 00:00:20]} h5 {[%clk 00:58:08]} {[%emt 00:00:28]} 35. Ne3 {[%clk
00:02:13]} {[%emt 00:00:39]} Qxh4 {[%clk 00:58:24]} {[%emt 00:00:14]} 36. Bd2
{[%clk 00:01:54]} {[%emt 00:00:49]} Qf6 {[%clk 00:56:35]} {[%emt 00:02:19]} 37.
Bh3 {[%clk 00:01:40]} {[%emt 00:00:44]} Rc7 {[%clk 00:56:57]} {[%emt 00:00:08]}
38. Bxc8 {[%clk 00:01:38]} {[%emt 00:00:33]} Rxc8 {[%clk 00:57:22]} {[%emt
00:00:05]} 39. Qf3 {[%clk 00:01:40]} {[%emt 00:00:28]} Qh4 {[%clk 00:56:41]}
{[%emt 00:01:10]} 40. Rxg6 {[%clk 00:01:00]} {[%emt 00:01:11]} Nh8 {[%clk
00:56:06]} {[%emt 00:01:05]} 41. Nf5 {[%clk 00:30:03]} {[%emt 00:01:27]} 1-0

[Event "DVM U20 2022"]
[Site "Münster GER"]
[Date "2022.12.29"]
[Round "6"]
[White "Engländer, Leon Arne"]
[Black "Helmsdorf, Marius"]
[Result "0-1"]
[Termination "normal"]
[Board "8.2"]
[WhiteElo "1772"]
[BlackElo "1657"]
[WhiteClock "00:49:17"]
[BlackClock "01:02:32"]
[WhiteTeam "Biebertaler Schachfreunde"]
[BlackTeam "ESV Gera"]
[PlyCount "46"]
[WhiteFideId "12997226"]
[BlackFideId "16274873"]
[EventCountry "GER"]
[EventRounds "7"]
[EventType "team-swiss"]
[EventDate "2022.12.26"]

1. e4 {[%clk 01:30:57]} {[%emt 00:00:03]} e6 {[%clk 01:30:59]} {[%emt
00:00:02]} 2. Nc3 {[%clk 01:31:16]} {[%emt 00:00:10]} d5 {[%clk 01:31:25]}
{[%emt 00:00:04]} 3. Nf3 {[%clk 01:31:38]} {[%emt 00:00:08]} Nf6 {[%clk
01:31:34]} {[%emt 00:00:21]} 4. e5 {[%clk 01:32:01]} {[%emt 00:00:07]} Nfd7
{[%clk 01:32:00]} {[%emt 00:00:03]} 5. d4 {[%clk 01:32:21]} {[%emt 00:00:10]}
c5 {[%clk 01:32:27]} {[%emt 00:00:03]} 6. dxc5 {[%clk 01:32:44]} {[%emt
00:00:07]} Nc6 {[%clk 01:32:31]} {[%emt 00:00:26]} 7. Bf4 {[%clk 01:33:01]}
{[%emt 00:00:13]} Bxc5 {[%clk 01:32:27]} {[%emt 00:00:34]} 8. Bd3 {[%clk
01:33:21]} {[%emt 00:00:10]} a6 {[%clk 01:26:47]} {[%emt 00:06:09]} 9. Bg3
{[%clk 01:32:48]} {[%emt 00:01:03]} h6 {[%clk 01:25:25]} {[%emt 00:01:52]} 10.
O-O {[%clk 01:24:52]} {[%emt 00:08:25]} b5 {[%clk 01:24:02]} {[%emt 00:01:54]}
11. Re1 {[%clk 01:24:40]} {[%emt 00:00:43]} O-O {[%clk 01:23:23]} {[%emt
00:01:09]} 12. a3 {[%clk 01:17:39]} {[%emt 00:07:31]} Nb6 {[%clk 01:15:25]}
{[%emt 00:08:27]} 13. b3 {[%clk 01:12:40]} {[%emt 00:05:28]} b4 {[%clk
01:14:00]} {[%emt 00:01:55]} 14. Nb1 {[%clk 01:09:04]} {[%emt 00:04:06]} bxa3
{[%clk 01:13:03]} {[%emt 00:01:27]} 15. Nxa3 {[%clk 01:09:25]} {[%emt
00:00:09]} Bb4 {[%clk 01:12:32]} {[%emt 00:01:01]} 16. Re2 {[%clk 01:06:08]}
{[%emt 00:03:46]} Bc3 {[%clk 01:12:03]} {[%emt 00:00:59]} 17. Rb1 {[%clk
01:06:14]} {[%emt 00:00:24]} Qe7 {[%clk 01:11:19]} {[%emt 00:01:15]} 18. Qc1
{[%clk 01:06:13]} {[%emt 00:00:31]} Nb4 {[%clk 01:11:10]} {[%emt 00:00:39]} 19.
Qe3 {[%clk 01:03:20]} {[%emt 00:03:23]} d4 {[%clk 01:05:53]} {[%emt 00:05:48]}
20. Nxd4 {[%clk 01:03:11]} {[%emt 00:00:39]} N6d5 {[%clk 01:06:12]} {[%emt
00:00:10]} 21. Qe4 {[%clk 00:50:18]} {[%emt 00:13:23]} Nxd3 {[%clk 01:06:13]}
{[%emt 00:00:29]} 22. Nc4 {[%clk 00:50:36]} {[%emt 00:00:11]} Nc5 {[%clk
01:05:21]} {[%emt 00:01:23]} 23. Nf5 {[%clk 00:49:17]} {[%emt 00:01:49]} Qg5
{[%clk 01:02:32]} {[%emt 00:03:19]} 0-1

[Event "DVM U20 2022"]
[Site "Münster GER"]
[Date "2022.12.29"]
[Round "6"]
[White "Frank, Marek"]
[Black "Grunwald, Jonathan"]
[Result "1-0"]
[Termination "normal"]
[Board "8.3"]
[WhiteElo "1500"]
[BlackElo "1791"]
[WhiteClock "00:01:28"]
[BlackClock "00:03:49"]
[WhiteTeam "ESV Gera"]
[BlackTeam "Biebertaler Schachfreunde"]
[PlyCount "85"]
[WhiteFideId "16239520"]
[BlackFideId "12955744"]
[EventCountry "GER"]
[EventRounds "7"]
[EventType "team-swiss"]
[EventDate "2022.12.26"]

1. e4 {[%clk 01:30:57]} {[%emt 00:00:02]} e5 {[%clk 01:30:54]} {[%emt
00:00:06]} 2. Nf3 {[%clk 01:31:23]} {[%emt 00:00:05]} Nc6 {[%clk 01:31:21]}
{[%emt 00:00:03]} 3. Bc4 {[%clk 01:31:48]} {[%emt 00:00:05]} Bc5 {[%clk
01:31:44]} {[%emt 00:00:06]} 4. c3 {[%clk 01:32:02]} {[%emt 00:00:16]} Nf6
{[%clk 01:32:02]} {[%emt 00:00:11]} 5. d4 {[%clk 01:32:19]} {[%emt 00:00:14]}
exd4 {[%clk 01:32:26]} {[%emt 00:00:07]} 6. e5 {[%clk 01:32:44]} {[%emt
00:00:05]} d5 {[%clk 01:32:37]} {[%emt 00:00:19]} 7. Bb5 {[%clk 01:33:10]}
{[%emt 00:00:05]} Ne4 {[%clk 01:32:59]} {[%emt 00:00:07]} 8. cxd4 {[%clk
01:33:27]} {[%emt 00:00:13]} Bb6 {[%clk 01:33:24]} {[%emt 00:00:05]} 9. Nc3
{[%clk 01:33:13]} {[%emt 00:00:43]} Bg4 {[%clk 01:33:35]} {[%emt 00:00:19]} 10.
h3 {[%clk 01:33:13]} {[%emt 00:00:30]} Bh5 {[%clk 01:33:44]} {[%emt 00:00:22]}
11. Be3 {[%clk 01:32:46]} {[%emt 00:00:57]} O-O {[%clk 01:33:18]} {[%emt
00:00:55]} 12. Qc2 {[%clk 01:31:41]} {[%emt 00:01:35]} Nxc3 {[%clk 01:33:15]}
{[%emt 00:00:34]} 13. bxc3 {[%clk 01:26:50]} {[%emt 00:05:21]} f6 {[%clk
01:33:09]} {[%emt 00:00:36]} 14. exf6 {[%clk 01:11:20]} {[%emt 00:16:00]} Qxf6
{[%clk 01:33:00]} {[%emt 00:00:38]} 15. Be2 {[%clk 01:11:30]} {[%emt 00:00:20]}
Rae8 {[%clk 01:30:47]} {[%emt 00:02:43]} 16. O-O {[%clk 01:09:51]} {[%emt
00:02:09]} Ne7 {[%clk 01:03:50]} {[%emt 00:27:28]} 17. Ne5 {[%clk 01:02:23]}
{[%emt 00:07:57]} Bxe2 {[%clk 01:03:22]} {[%emt 00:00:58]} 18. Qxe2 {[%clk
01:02:45]} {[%emt 00:00:07]} Qd6 {[%clk 00:53:26]} {[%emt 00:10:27]} 19. a4
{[%clk 00:53:24]} {[%emt 00:09:52]} c6 {[%clk 00:51:04]} {[%emt 00:02:52]} 20.
f4 {[%clk 00:32:43]} {[%emt 00:21:10]} Nf5 {[%clk 00:48:10]} {[%emt 00:03:24]}
21. Bf2 {[%clk 00:28:42]} {[%emt 00:04:30]} Qh6 {[%clk 00:40:46]} {[%emt
00:07:54]} 22. Qg4 {[%clk 00:16:21]} {[%emt 00:12:50]} Nd6 {[%clk 00:28:52]}
{[%emt 00:12:26]} 23. Be3 {[%clk 00:10:13]} {[%emt 00:06:37]} Ba5 {[%clk
00:20:58]} {[%emt 00:08:24]} 24. Rf3 {[%clk 00:07:45]} {[%emt 00:02:58]} Nf5
{[%clk 00:19:33]} {[%emt 00:01:56]} 25. Bf2 {[%clk 00:06:36]} {[%emt 00:01:38]}
Qd6 {[%clk 00:14:57]} {[%emt 00:05:07]} 26. h4 {[%clk 00:04:12]} {[%emt
00:02:53]} Bd8 {[%clk 00:12:46]} {[%emt 00:02:42]} 27. h5 {[%clk 00:02:19]}
{[%emt 00:02:22]} b6 {[%clk 00:12:32]} {[%emt 00:00:44]} 28. Qh3 {[%clk
00:02:20]} {[%emt 00:00:28]} c5 {[%clk 00:10:54]} {[%emt 00:02:09]} 29. g4
{[%clk 00:02:18]} {[%emt 00:00:31]} Nh6 {[%clk 00:11:12]} {[%emt 00:00:13]} 30.
Rf1 {[%clk 00:01:45]} {[%emt 00:01:03]} a6 {[%clk 00:09:46]} {[%emt 00:01:56]}
31. Be3 {[%clk 00:01:41]} {[%emt 00:00:34]} Bc7 {[%clk 00:08:55]} {[%emt
00:01:21]} 32. f5 {[%clk 00:01:21]} {[%emt 00:00:50]} Qe7 {[%clk 00:07:39]}
{[%emt 00:01:46]} 33. g5 {[%clk 00:00:33]} {[%emt 00:01:18]} Bxe5 {[%clk
00:07:38]} {[%emt 00:00:30]} 34. dxe5 {[%clk 00:00:59]} {[%emt 00:00:05]} Nf7
{[%clk 00:07:40]} {[%emt 00:00:28]} 35. f6 {[%clk 00:01:14]} {[%emt 00:00:15]}
Qxe5 {[%clk 00:06:51]} {[%emt 00:01:20]} 36. g6 {[%clk 00:01:29]} {[%emt
00:00:15]} gxf6 {[%clk 00:04:46]} {[%emt 00:02:35]} 37. gxf7 {[%clk 00:01:20]}
{[%emt 00:00:38]} Rxf7 {[%clk 00:05:00]} {[%emt 00:00:16]} 38. Rg3 {[%clk
00:01:15]} {[%emt 00:00:35]} Kf8 {[%clk 00:05:02]} {[%emt 00:00:29]} 39. Bf4
{[%clk 00:01:37]} {[%emt 00:00:08]} Qe6 {[%clk 00:05:01]} {[%emt 00:00:30]} 40.
Qg2 {[%clk 00:01:55]} {[%emt 00:00:12]} d4 {[%clk 00:04:02]} {[%emt 00:01:30]}
41. Rg8 {[%clk 00:01:04]} {[%emt 00:01:20]} Ke7 {[%clk 00:04:27]} {[%emt
00:00:05]} 42. Qb7 {[%clk 00:01:21]} {[%emt 00:00:14]} Kd8 {[%clk 00:03:49]}
{[%emt 00:01:08]} 43. Qb8 {[%clk 00:01:28]} {[%emt 00:00:22]} 1-0